| 000 | 00621cgm a22002175a 4500 | ||
|---|---|---|---|
| 001 | L139923 | ||
| 008 | 070820s2003 xxk f 000 0 eng d | ||
| 020 | _a0566085712 | ||
| 035 | _a(Sirsi) u139923 | ||
| 041 | 0 | _aeng | |
| 050 | 0 | 4 | _a658.404 $2 18 |
| 100 | 1 | _aWebb, Alan | |
| 245 | 0 | 4 |
_aThe project manager's guide to handling risk _h[Electronic resource] |
| 260 | _c2003 | ||
| 300 |
_a1 _fCD-ROM |
||
| 505 | 2 | _aSoftware samples | |
| 520 | _aDatabases, modeling tools and software programmes to accomany book of the same name. | ||
| 651 | 4 |
_aUnited Kingdom _y |
|
| 690 |
_aProject management _96261 |
||
| 942 | _n0 | ||
| 999 |
_c85449 _d85449 |
||